|
|
|
|
| LEADER |
01064nab#a2200337#ar4500 |
| 001 |
000001439 |
| 003 |
SVKKK |
| 005 |
00000000000000.0 |
| 008 |
c xo e sloo |
| FMT |
|
|
|
| 038 |
|
|
|a SVKKK
|
| 040 |
|
|
|a SVKKK
|b slo
|e AACR2
|
| 041 |
0 |
|
|a slo
|b eng
|
| 044 |
|
|
|a xo
|c SK
|
| 080 |
|
|
|a 556.38
|2 1981
|
| 100 |
1 |
|
|a Hulla, Jozef
|4 aut
|
| 245 |
1 |
0 |
|a Prenos nečistôt a ochrana podzemných vôd pri havárijnom znečistení
|c Hulla Jozef, Grambličková Danka, Abdelrahman Mohamed Taha
|
| 300 |
|
|
|b Obr. 12,
|
| 504 |
|
|
|a Res. angl., lit. 10 zázn. v angl., slov.
|
| 650 |
0 |
4 |
|a voda podzemná
|
| 650 |
0 |
4 |
|a znečistenie havarijné
|x opatrenia ochranné
|x experimenty laboratórne
|x experimenty terénne
|z Slovensko
|x systémy ochranné
|x štúdie
|
| 700 |
1 |
|
|a Abdelrahman, Mohamed Taha
|4 aut
|
| 700 |
1 |
|
|a Grambličková, Danka
|4 aut
|
| 773 |
0 |
|
|t Podzemná voda
|x 1325-1052
|g Roč. 2, č. 1(1996), s. 32-41
|
| 957 |
|
|
|a Slovensko
|
| 958 |
|
|
|a NB
|
| 974 |
|
|
|d 971030
|a Čr
|
| 992 |
|
|
|a RBX
|
| BAS |
|
|
|
| 852 |
|
|
|a SVKKK
|b BIB
|
| 998 |
|
|
|a GEO
|